Normal view
MARC view
- MICROSOFT WORD 5.5
Entry Topical Term
001 - CONTROL NUMBER
- control field: 67676
003 - CONTROL NUMBER IDENTIFIER
- control field: NUST
005 - DATE AND TIME OF LATEST TRANSACTION
- control field: 20210628203856.0
008 - FIXED-LENGTH DATA ELEMENTS
- fixed length control field: 210628|| aca||aabn | a|a d
040 ## - CATALOGING SOURCE
- Original cataloging agency: NUST
- Transcribing agency: NUST
150 ## - HEADING--TOPICAL TERM
- Topical term or geographic name entry element: MICROSOFT WORD 5.5
670 ## - SOURCE DATA FOUND
- Source citation: Work cat.: (NUST): HOFFMAN, PAUL 67675, MICROSOFT WORD 5.5, MADE EASY, 1991
